Statistics for "Second Best" History Edition

Click here to take the quiz!

General Stats

  • This quiz has been taken 91 times
    (90 since last reset)
  • The average score is 15 of 20

Answer Stats

Category First Second % Correct
Country with the most World War II military deathsSoviet UnionGermany
98%
Biggest Soviet Union city in 1989MoscowLeningrad
97%
First human according to the BibleAdamEve
95%
Biggest city in 1800 ADBeijingLondon
90%
First Soviet leaderVladmir LeninJoseph Stalin
89%
Longest-reigning English monarch
since the Norman conquest
Queen Elizabeth IIQueen Victoria
85%
Most recent British prime ministerBoris JohnsonTheresa May
85%
Most recent Castro to rule CubaRaúlFidel
84%
First man to walk on the moonNeil ArmstrongBuzz Aldrin
84%
First U.S. presidentGeorge WashingtonJohn Adams
82%
Most guessed Shakespearean play on this quizRomeo and JulietHamlet
76%
First area annexed by Hitler leading up to WW2AustriaSudetenland
72%
Biggest European empire or country in 1800 by total areaRussiaOttoman Empire
71%
Biggest empire ever by maximum extentBritish EmpireMongol Empire
69%
First host of the modern OlympicsAthensParis
64%
U.S. capital for the longest period of timeWashington, D.C.Philadelphia
61%
Most recent countrySouth SudanKosovo
61%
Oldest U.S. president when taking officeDonald TrumpRonald Reagan
56%
Most common papal nameJohnBenedict
43%
Most influential person in history, according to this quizJesusMohammud
37%

Score Distribution

Percentile by Number Answered

Percent of People with Each Score

Your Score History

You have not taken this quiz since the last reset